| 000 | 00685nac a22001931u 4500 | ||
|---|---|---|---|
| 010 | _a 97045786 | ||
| 020 | _a1557882886 (pbk.) | ||
| 082 | 0 | 0 |
_a629.2872 _bTAY |
| 090 |
_c9701 _d9701 |
||
| 100 | _aTaylor, Don, | ||
| 245 | 1 | 0 |
_aAutomotive detailing : a complete car care guide for auto enthusiasts and detailing professionals / _cDon Taylor. |
| 260 |
_aNew York, N.Y. : _bHP Books,1998. _cc1998. |
||
| 300 |
_avi, 121 p. : _bill. ; _c28 cm. |
||
| 500 | _aDistributer: Al-Ahram | ||
| 511 | _aCatalogued by: Sara | ||
| 650 | 0 | _aAutomobile detailing. | |
| 650 | 0 |
_aAutomobiles _xConservation and restoration. |
|
| 942 |
_cBB _k629.2872TAY |
||
| 999 |
_c9701 _d9701 |
||